Loading...
| Mythology - Greco/Roman | 0 | 3 | 0 | 1 | 30 | 118 | 125.00 | 0 | 1 |
| History - Other | 0 | 2 | 0 | 1 | 20 | 100 | 121.50 | 0 | 0 |
| Philosophy - Enlightenment | 0 | 2 | 0 | 1 | 20 | 125 | 128.00 | 0 | 0 |
| Science - Physics | 0 | 2 | 1 | 2 | 15 | 105 | 119.50 | 0 | 1 |
| Literature - European long fiction | 0 | 1 | 0 | 1 | 10 | 130 | 130.00 | 0 | 0 |
| Mythology - Americas | 0 | 1 | 0 | 1 | 10 | 122 | 122.00 | 0 | 0 |
| Social Science - Law | 0 | 1 | 0 | 0 | 10 | 101 | 101.00 | 0 | 0 |
| Art - Other | 0 | 1 | 0 | 1 | 10 | 129 | 129.00 | 0 | 0 |
| Art - Visual | 0 | 1 | 0 | 1 | 10 | 137 | 137.00 | 0 | 0 |
| Literature - British poetry | 0 | 1 | 0 | 0 | 10 | 64 | 64.00 | 0 | 1 |
| Religion - Islam | 0 | 1 | 0 | 0 | 10 | 142 | 142.00 | 0 | 0 |
| Science - Biology | 0 | 1 | 0 | 1 | 10 | 125 | 125.00 | 0 | 0 |
| Science - Chemistry | 0 | 1 | 0 | 0 | 10 | 109 | 109.00 | 0 | 1 |
| Science - Other | 0 | 1 | 0 | 0 | 10 | 133 | 133.00 | 0 | 0 |
| Social Science - Economics | 0 | 1 | 0 | 1 | 10 | 90 | 90.00 | 0 | 1 |
| Religion - Christianity/Judaism | 0 | 1 | 0 | 1 | 10 | 136 | 136.00 | 0 | 0 |
| Religion - Hinduism | 0 | 1 | 0 | 1 | 10 | 130 | 130.00 | 0 | 0 |
| History - World | 0 | 1 | 1 | 0 | 5 | 100 | 100.00 | 0 | 1 |
| Philosophy - Medieval | 0 | 1 | 1 | 0 | 5 | 64 | 64.00 | 0 | 1 |
| Art - Music/Opera | 0 | 0 | 0 | 0 | 0 | 0.00 | 0 | 0 | |
| Literature - World/Misc drama | 0 | 0 | 1 | 0 | -5 | 0.00 | 0 | 0 | |
| History - American | 0 | 0 | 1 | 0 | -5 | 0.00 | 0 | 0 |